[Event "IND-ch U17 Girls"]
[Site "Saravanampatty"]
[Date "2017.10.29"]
[Round "8"]
[White "Pooja, S."]
[Black "Bommini, Mounika Akshaya"]
[Result "0-1"]
[WhiteElo "1526"]
[BlackElo "1810"]
[PlyCount "104"]
[EventDate "2017.10.24"]
[EventType "swiss"]
[EventRounds "11"]
[EventCountry "IND"]
[SourceTitle "CBM 181 Extra"]
[Source "ChessBase"]
[SourceDate "2017.12.12"]
[SourceVersion "1"]
[SourceVersionDate "2017.12.12"]
[SourceQuality "1"]

1. e4 e5 2. Nf3 Nc6 3. d4 exd4 4. Nxd4 Nf6 5. Nxc6 bxc6 6. Bd3 Bb4+ 7. c3 Bc5 8. h3 d5 9. e5 Qe7 10. 0-0 Qxe5 11. Re1 Ne4 12. Bxe4 dxe4 13. Qa4 0-0 14. Qxe4 Qxe4 15. Rxe4 Be6 16. Bf4 Rfd8 17. Nd2 h6 18. Re2 Bd6 19. Be3 Bd5 20. c4 Be6 21. Rc1 a5 22. a3 Rab8 23. Nf3 c5 24. g4 Rb3 25. Rcc2 Rdb8 26. Kg2 Bd7 27. Bc1 Bc6 28. Re3 R3b7 29. Ree2 Rb3 30. Re3 Bf4 31. Rec3 Bxc1 32. Rxc1 Bxf3+ 33. Rxf3 Rxb2 34. Rf5 Ra2 35. Rxc5 Rxa3 36. Rxc7 a4 37. Rc2 Ra1 38. c5 a3 39. Rd7 Rb2 40. Rcd2 Raa2 41. c6 Rc2 42. c7 Rab2 43. Rd8+ Kh7 44. c8Q Rxc8 45. Rxc8 Rxd2 46. Ra8 a2 47. Ra7 Kg6 48. Ra6+ f6 49. Kf3 Rb2 50. Ke3 Kf7 51. Ra7+ Kf8 52. Ra6 Ke7 0-1